По секрету всему свету: [повесть]

Dades bibliogràfiques
Autor principal: Серова М. С. Марина Сергеевна
Sumari:В провинциальном городе прошла серия убийств одиноких стариков. Вот и еще одна старушка умерла якобы от сердечного приступа. Ее внук, который стал для милиции главным подозреваемым, нанимает частного детектива Татьяну Иванову, чтобы она разобралась в смерти бабы Вари и сняла с него нелепые подозрения. Все в этом деле говорило о том, что смерть наступила естественным путем, без постороннего вмешательства. Если бы... нe маленькая зацепочка: ключи от входной двери, пропавшие из связки бабушки... Таня понимает, что все не так просто. Опросив соседей, она выясняет, что в тот вечер, незадолго До смерти, старушку посетила молодая женщина...
Idioma:rus
Publicat: Москва, Эксмо, 2008
Col·lecció:Частный детектив Татьяна Иванова
Matèries:
Format: MixedMaterials Llibre
KOHA link:https://koha.lib.tpu.ru/cgi-bin/koha/opac-detail.pl?biblionumber=132118

MARC

LEADER 00000nam0a2200000 4500
001 132118
005 20231031134724.0
010 |a 9785699254507 
035 |a (RuTPU)RU\TPU\book\143060 
090 |a 132118 
100 |a 20080227d2008 m y0rusy50 ca 
101 0 |a rus 
102 |a RU 
105 |a y z 000ay 
200 1 |a По секрету всему свету  |e [повесть]  |f М. С. Серова 
210 |a Москва  |c Эксмо  |d 2008 
215 |a 288 с. 
225 1 |a Частный детектив Татьяна Иванова 
330 |a В провинциальном городе прошла серия убийств одиноких стариков. Вот и еще одна старушка умерла якобы от сердечного приступа. Ее внук, который стал для милиции главным подозреваемым, нанимает частного детектива Татьяну Иванову, чтобы она разобралась в смерти бабы Вари и сняла с него нелепые подозрения. Все в этом деле говорило о том, что смерть наступила естественным путем, без постороннего вмешательства. Если бы... нe маленькая зацепочка: ключи от входной двери, пропавшие из связки бабушки... Таня понимает, что все не так просто. Опросив соседей, она выясняет, что в тот вечер, незадолго До смерти, старушку посетила молодая женщина... 
610 1 |a русская литература 
610 1 |a повести 
610 1 |a детективы 
675 |a Р2  |v 3 
700 1 |a Серова  |b М. С.  |g Марина Сергеевна 
801 1 |a RU  |b 63413507  |c 20080227  |g PSBO 
801 2 |a RU  |b 63413507  |c 20080521  |g PSBO 
942 |c BK 
959 |a 21/20080227  |d 1  |e 44,90  |f ХФ:1